[Event "Quebec op U1400"]
[Site "Montreal"]
[Date "2016.07.24"]
[Round "2.11"]
[White "Bedard, Ludovic"]
[Black "Forgues, David"]
[Result "0-1"]
[WhiteElo "1257"]
[BlackElo "1238"]
[PlyCount "56"]
[EventDate "2016.07.23"]
[EventType "swiss"]
[EventRounds "8"]
[EventCountry "CAN"]
[SourceTitle "EXT 2022"]
[Source "ChessBase"]
[SourceDate "2021.10.06"]
[SourceVersion "1"]
[SourceVersionDate "2021.10.06"]
[SourceQuality "1"]

1. d4 d5 2. c4 dxc4 3. e3 Nf6 4. Bxc4 Nc6 5. Nc3 Bf5 6. Nge2 e5 7. d5 Nb4 8. 0-0 c6 9. dxc6 Nxc6 10. a3 Bc5 11. b4 Bd6 12. Qb3 0-0 13. Rd1 a6 14. Bb2 Qc7 15. Nd5 Nxd5 16. Bxd5 Rad8 17. Rac1 e4 18. Nd4 Bxh2+ 19. Kh1 Bd7 20. Nxc6 Bxc6 21. Bxc6 bxc6 22. Rxd8 Rxd8 23. Qc3 f6 24. Qc4+ Kf8 25. Bd4 Be5 26. Bxe5 Qxe5 27. Qxa6 Rd2 28. Rxc6 Rd1+ 0-1

[Event "Quebec op U1400"]
[Site "Montreal"]
[Date "2016.07.23"]
[Round "1.81"]
[White "Imbeault, Marc"]
[Black "Bedard, Ludovic"]
[Result "1-0"]
[WhiteElo "1372"]
[BlackElo "1257"]
[PlyCount "73"]
[EventDate "2016.07.23"]
[EventType "swiss"]
[EventRounds "8"]
[EventCountry "CAN"]
[SourceTitle "EXT 2022"]
[Source "ChessBase"]
[SourceDate "2021.10.06"]
[SourceVersion "1"]
[SourceVersionDate "2021.10.06"]
[SourceQuality "1"]

1. e4 c5 2. Nf3 g6 3. c3 Bg7 4. d4 cxd4 5. cxd4 Nc6 6. Nc3 d6 7. Bb5 a6 8. Ba4 b5 9. Bb3 Nf6 10. 0-0 0-0 11. Bf4 Bg4 12. h3 Bxf3 13. gxf3 Nxd4 14. Qxd4 Nh5 15. Qd2 Qd7 16. Kg2 Nxf4+ 17. Qxf4 a5 18. Nd5 Rab8 19. Rab1 a4 20. Bc2 Be5 21. Qe3 g5 22. f4 gxf4 23. Nxf4 Kh8 24. Ne2 Rg8+ 25. Ng3 Rg6 26. f4 Bf6 27. e5 Qc6+ 28. Qe4 d5 29. Qe2 Rxg3+ 30. Kxg3 Rg8+ 31. Kh2 Bh4 32. Qd3 Bg3+ 33. Kg2 d4+ 34. Rf3 Bxf4+ 35. Kf1 Qh6 36. Qxd4 Qg7 37. Qf2 1-0